000 00449pab a2200157 454500
008 180718b2014 xxu||||| |||| 00| 0 eng d
100 _aKundra, Sakul
245 _aWidow immolation in Mughal India: Perceptions of French travellers and adventures in this seventeenth and eighteenth centuries
260 _c2014
300 _ap.63-84.
362 _aSep-Oct
650 _aWidows
773 _aSocial Scientist
908 _aN
909 _a106277
999 _c106272
_d106272